00466nam a2200169Ia 4500003000400000005001700004008004100021020001900062040001000081100001700091245002900108260001700137260000900154942001200163999001300175952010800188OSt20240304095614.0170523s9999 xx 000 0 und d a978-0070066786 cIIMTU aBOUNDS- GREG 0aTOTAL QUALITY MANAGEMENT bMC GRAW HILL c1994 2ddcc02 c881d881 00102ddc4070a01b01d2017-06-01fDept. MBAl1p01-B-2850r2026-01-16s2026-01-16w2017-06-01y02z